000 00476nam a2200157Ia 4500
008 160316s1997 xxu||||| |||| 00| 0 eng d
082 _a382.000000
_bCHA
100 _aChaudhuri B K
245 _aFinance of foreign trade and foreign exchange
250 _a3rd rev
260 _aMumbai
_bHimalaya Publishing House
_c1997
300 _a521p
_b
_c
365 _bRs.525
650 _a1. International Trade - Financial Aspects 2. Foreign Trade - Foreign Exchange
700 _a
_a
999 _c15636
_d15636